| 000 | 00336nam a22001337a 4500 | ||
|---|---|---|---|
| 082 |
_a943.6 _bGAY |
||
| 100 |
_aGayda, Virginio _950222 |
||
| 245 |
_aModern austria _cVirginio Gayda |
||
| 260 |
_aLondon _bT.Fisher Unwin, Ltd |
||
| 300 | _a350 p.: | ||
| 526 |
_a0 _b0 _c0 _d943_600000000000000_GAY |
||
| 650 |
_aMCE _9379 |
||
| 942 |
_2ddc _cBK |
||
| 999 |
_c552946 _d552946 |
||